Every Team that has Lost the Superbowl - Statistics

General Stats
  • This quiz has been taken 42 times
  • The average score is 51 of 58
Answer Stats
Game Year + Winner Losser % Correct
XV 1981: Oakland Raiders vs. Philadelphia Eagles
100%
XXXIX 2005: New England Patriots vs. Philadelphia Eagles
100%
LVII 2023: Kansas City Chiefs vs. Philadelphia Eagles
100%
XX 1986: Chicago Bears vs. New England Patriots
97%
XXXI 1997: Green Bay Packers vs. New England Patriots
97%
XLII 2008: New York Giants vs. New England Patriots
97%
XLVI 2012: New York Giants vs. New England Patriots
97%
LII 2018: Philadelphia Eagles vs. New England Patriots
97%
XIV 1980: Pittsburgh Steelers vs. Los Angeles Rams
95%
LIII 2019: New England Patriots vs. Los Angeles Rams
95%
XXXV 2001: Baltimore Ravens vs. New York Giants
95%
I 1967: Green Bay Packers vs. Kansas City Chiefs
92%
LV 2021: Tampa Bay Buccaneers vs. Kansas City Chiefs
92%
XXX 1996: Dallas Cowboys vs. Pittsburgh Steelers
92%
XLV 2011: Green Bay Packers vs. Pittsburgh Steelers
92%
XLVII 2013: Baltimore Ravens vs. San Francisco 49ers
92%
LIV 2020: Kansas City Chiefs vs. San Francisco 49ers
92%
LVIII 2024: Kansas City Chiefs vs. San Francisco 49ers
92%
XXXVI 2002: New England Patriots vs. St. Louis Rams
92%
XII 1978: Dallas Cowboys vs. Denver Broncos
89%
XXI 1987: New York Giants vs. Denver Broncos
89%
XXII 1988: Washington Redskins vs. Denver Broncos
89%
XXIV 1990: San Francisco 49ers vs. Denver Broncos
89%
XLVIII 2014: Seattle Seahawks vs. Denver Broncos
89%
II 1968: Green Bay Packers vs. Oakland Raiders
89%
XXXVII 2003: Tampa Bay Buccaneers vs. Oakland Raiders
89%
XL 2006: Pittsburgh Steelers vs. Seattle Seahawks
89%
XLIX 2015: New England Patriots vs. Seattle Seahawks
89%
XXXIII 1999: Denver Broncos vs. Atlanta Falcons
86%
LI 2017: New England Patriots vs. Atlanta Falcons
86%
XLI 2007: Indianapolis Colts vs. Chicago Bears
86%
XVI 1982: San Francisco 49ers vs. Cincinnati Bengals
86%
XXIII 1989: San Francisco 49ers vs. Cincinnati Bengals
86%
LVI 2022: Los Angeles Rams vs. Cincinnati Bengals
86%
XXXII 1998: Denver Broncos vs. Green Bay Packers
86%
VI 1972: Dallas Cowboys vs. Miami Dolphins
86%
XVII 1983: Washington Redskins vs. Miami Dolphins
86%
XIX 1985: San Francisco 49ers vs. Miami Dolphins
86%
VII 1973: Miami Dolphins vs. Washington Redskins
86%
XVIII 1984: Los Angeles Raiders vs. Washington Redskins
86%
XXXVIII 2004: New England Patriots vs. Carolina Panthers
84%
L 2016: Denver Broncos vs. Carolina Panthers
84%
V 1971: Baltimore Colts vs. Dallas Cowboys
84%
X 1976: Pittsburgh Steelers vs. Dallas Cowboys
84%
XIII 1979: Pittsburgh Steelers vs. Dallas Cowboys
84%
IV 1970: Kansas City Chiefs vs. Minnesota Vikings
84%
VIII 1974: Miami Dolphins vs. Minnesota Vikings
84%
IX 1975: Pittsburgh Steelers vs. Minnesota Vikings
84%
XI 1977: Oakland Raiders vs. Minnesota Vikings
84%
III 1969: New York Jets vs. Baltimore Colts
81%
XXV 1991: New York Giants vs. Buffalo Bills
81%
XXVI 1992: Washington Redskins vs. Buffalo Bills
81%
XXVII 1993: Dallas Cowboys vs. Buffalo Bills
81%
XXVIII 1994: Dallas Cowboys vs. Buffalo Bills
81%
XLIII 2009: Pittsburgh Steelers vs. Arizona Cardinals
78%
XLIV 2010: New Orleans Saints Indianapolis Colts
78%
XXXIV 2000: St. Louis Rams vs. Tennessee Titans
78%
XXIX 1995: San Francisco 49ers vs. San Diego Chargers
73%
No matching quizzes found
Score Distribution
Percent of People with Each Score
Percentile by Number Answered
Your Score History
You have not taken this quiz